000 00299nam a2200121Ia 4500
008 191201s2007 xx 000 0 und d
100 _aUPADHYAYA,JC
245 0 _aClassical mechanics
260 _aN. delhi
_bHimala Publication House
_c2007
300 _a480
650 _aApplied
942 _2ddc
_cBK
_01
999 _c6629
_d6629